00491 2200193 4500001002100000005001500021035002000036007000300056008004100059020002100100082000800121084001400129100002300143245005300166260003500219300001600254650001700270856001000287INLIS00000000000818920260409032557 a0010-0426000009ta260409 0 ind  a979-3118-40-7007 a200 a200 ISM m0 aIsmail Yusanto,dkk1 aMenggagas Pendidikan Islam /cIsmail Yusanto,dkk aBogor :bAl-Azhar Press,c2018 a270 ;c21cm 4aPEMBELAJARAN aAGAMA